Психо-физиологические исследования интеллектуальной саморегуляции и активности: сборник статей

Bibliografiske detaljer
Institution som forfatter: Академия наук СССР Институт психологии
Andre forfattere: Русалов В. М. (редактор), Голубев Э. А.
Sprog:russisk
Udgivet: Москва, Наука, 1980
Fag:
Format: Bog
KOHA link:https://koha.lib.tpu.ru/cgi-bin/koha/opac-detail.pl?biblionumber=77538

MARC

LEADER 00000nam0a2200000 4500
001 77538
005 20231101212935.0
035 |a (RuTPU)RU\TPU\book\83139 
090 |a 77538 
100 |a 20050524d1980 k y0rusy50 ca 
101 0 |a rus 
102 |a RU 
105 |a a z 001zy 
200 1 |a Психо-физиологические исследования интеллектуальной саморегуляции и активности  |e сборник статей  |f Академия Наук СССР, Институт психологии; под ред. В. М. Русалова, Э. А. Голубева 
210 |a Москва  |c Наука  |d 1980 
215 |a 208 с.  |c ил. 
320 |a Библиография в конце статей 
610 1 |a сборники 
610 1 |a исследование 
610 1 |a психология 
610 1 |a саморегуляция 
610 1 |a психофизиология 
675 |a 612.821  |v 3 
702 1 |a Русалов  |b В. М.  |4 340 
702 1 |a Голубев  |b Э. А.  |4 340 
712 0 2 |a Академия наук СССР  |b Институт психологии  |c (Москва)  |2 stltpush  |3 (RuTPU)RU\TPU\col\11340  |9 25045 
801 1 |a RU  |b 63413507  |c 20050524  |g PSBO 
801 2 |a RU  |b 63413507  |c 20140606  |g PSBO 
942 |c BK